[Event "BL 0405 TV Tegernsee - SF Katernberg"]
[Site "?"]
[Date "2005.04.09"]
[Round "14.6"]
[White "Hertneck, Gerald"]
[Black "Souleidis, Georgios"]
[Result "1-0"]
[WhiteElo "2552"]
[BlackElo "2401"]
[PlyCount "89"]
[EventDate "2005.??.??"]

1. b3 c5 2. Bb2 d6 3. e3 e5 4. d4 Nc6 5. dxc5 Qa5+ 6. Nc3 dxc5 7. Bc4 Nf6 8.
Nge2 Be6 9. Bxe6 fxe6 10. O-O Rd8 11. Qe1 Be7 12. Ng3 O-O 13. Nce4 Qxe1 14.
Rfxe1 Nd5 15. Nf1 b6 16. Nfd2 Ndb4 17. Rec1 Rd7 18. Nf3 Bf6 19. a3 Nd5 20. Rd1
Rfd8 21. g4 h6 22. h4 Be7 23. g5 hxg5 24. hxg5 Bd6 25. Nxd6 Rxd6 26. Nxe5 Nde7
27. Rxd6 Rxd6 28. Nf3 Kf7 29. Kf1 Kg6 30. Ke2 Rd8 31. Nh4+ Kf7 32. g6+ Kf8 33.
Rg1 Rd5 34. Nf3 Rh5 35. Ng5 Nd8 36. Be5 Rh6 37. Bc7 Nec6 38. b4 cxb4 39. axb4
b5 40. Ne4 Ke7 41. Bf4 Rh5 42. Bg5+ Kd7 43. Nf6+ gxf6 44. Bxf6 Ne7 45. Bxe7 1-0

[Event "BL 0405 TV Tegernsee - SF Katernberg"]
[Site "?"]
[Date "2005.04.09"]
[Round "14.7"]
[White "Siebrecht, Sebastian"]
[Black "Stangl, Markus"]
[Result "1/2-1/2"]
[WhiteElo "2366"]
[BlackElo "2478"]
[PlyCount "86"]
[EventDate "2005.??.??"]

1. c4 c5 2. Nc3 Nf6 3. Nf3 e6 4. g3 b6 5. Bg2 Bb7 6. O-O a6 7. Re1 d5 8. cxd5
Nxd5 9. Nxd5 Bxd5 10. d4 cxd4 11. Qxd4 Nc6 12. Qg4 h5 13. Qa4 b5 14. Qd1 Be4
15. Bg5 Be7 16. Qc1 Bxg5 17. Nxg5 Bxg2 18. Kxg2 Rc8 19. Rd1 Qe7 20. h4 O-O 21.
Qc2 g6 22. Rac1 Rfd8 23. Rxd8+ Qxd8 24. Rd1 Qe7 25. Qe4 Rc7 26. Nf3 Kg7 27. Qe3
Rd7 28. Qc3+ f6 29. Rc1 Nb4 30. Qc8 Nxa2 31. Rc6 Nb4 32. Rb6 Rd8 33. Rxe6 Rxc8
34. Rxe7+ Kf8 35. Ra7 Rc2 36. Nd4 Rxb2 37. Ne6+ Ke8 38. Kf3 Ra2 39. Rc7 Ra3+
40. Ke4 Ra2 41. Ng7+ Kf8 42. Ne6+ Ke8 43. Ng7+ Kf8 1/2-1/2

[Event "BL 0405 TV Tegernsee - SF Katernberg"]
[Site "?"]
[Date "2005.04.09"]
[Round "14.8"]
[White "Bromberger, Stefan"]
[Black "Rosen, Bernd"]
[Result "1-0"]
[WhiteElo "2440"]
[BlackElo "2301"]
[PlyCount "75"]
[EventDate "2005.??.??"]

1. Nf3 c5 2. e4 e6 3. d4 cxd4 4. Nxd4 Nf6 5. Nc3 Nc6 6. Ndb5 Bb4 7. a3 Bxc3+ 8.
Nxc3 d5 9. exd5 exd5 10. Bd3 O-O 11. O-O d4 12. Ne2 Bg4 13. b4 Bxe2 14. Qxe2
Qd5 15. Rd1 Rfe8 16. Qf1 Rad8 17. c4 Qh5 18. Bf4 Ne4 19. f3 Nc3 20. Re1 f6 21.
Bd2 a5 22. b5 Ne5 23. Bxc3 dxc3 24. Be4 b6 25. Rac1 Nd7 26. Rxc3 Nc5 27. Bd5+
Kf8 28. Bc6 Rxe1 29. Qxe1 Nd3 30. Qd2 Qg5 31. Qxg5 fxg5 32. Be4 Nf4 33. Rc2 h6
34. c5 bxc5 35. b6 Rb8 36. b7 Ne6 37. Bd5 Nc7 38. Rxc5 1-0

[Event "BL 0405 Stuttgarter Sfr - SV Mülheim No"]
[Site "?"]
[Date "2005.04.09"]
[Round "14.1"]
[White "Landa, Konstantin"]
[Black "Oral, Tomas"]
[Result "1-0"]
[WhiteElo "2571"]
[BlackElo "2565"]
[PlyCount "78"]
[EventDate "2005.??.??"]

1. e4 c5 2. Nf3 Nc6 3. d4 cxd4 4. Nxd4 Qc7 5. Nc3 e6 6. Be2 a6 7. O-O Nf6 8.
Be3 Bb4 9. Na4 Be7 10. Nxc6 bxc6 11. Nb6 Rb8 12. Nxc8 Qxc8 13. Bd4 c5 14. Be5
Rb6 15. b3 O-O 16. Qd3 d6 17. Bb2 Nd7 18. Rad1 Bf6 19. Bc1 Qb7 20. f4 c4 21.
Qe3 cxb3 22. cxb3 e5 23. Bc4 exf4 24. Qxf4 Ne5 25. Bd5 Qe7 26. h3 Rbb8 27. Ba3
Rfd8 28. Qf2 Bg5 29. Kh1 h6 30. Qe2 a5 31. Bb2 Rd7 32. Bc3 Ra7 33. Bd4 Rc7 34.
Qa6 Kh7 35. Qxa5 Rc2 36. Qa7 Qxa7 37. Bxa7 Rbc8 38. a4 Re2 39. Rf2 Rcc2 1-0

[Event "BL 0405 Stuttgarter Sfr - SV Mülheim No"]
[Site "?"]
[Date "2005.04.09"]
[Round "14.2"]
[White "Sedlak, Nikola"]
[Black "Fridman, Daniel"]
[Result "0-1"]
[WhiteElo "2521"]
[BlackElo "2578"]
[PlyCount "96"]
[EventDate "2005.??.??"]

1. e4 e5 2. Nf3 Nf6 3. Nxe5 d6 4. Nf3 Nxe4 5. c4 Nc6 6. Nc3 Nxc3 7. dxc3 Bf5 8.
Bf4 Be7 9. Bd3 Qd7 10. O-O O-O 11. Qc2 Bxd3 12. Qxd3 Qg4 13. Bg3 Bf6 14. h3 Qh5
15. Qd5 Qxd5 16. cxd5 Ne7 17. Rfd1 Rfe8 18. Bf4 Ng6 19. Be3 Ne5 20. Nxe5 Rxe5
21. Rd4 a5 22. Rc4 Bd8 23. Rd1 a4 24. Rb4 b6 25. Rd3 a3 26. b3 Ra5 27. c4 f5
28. Kf1 Re8 29. Ra4 Rxa4 30. bxa4 Bf6 31. Rxa3 Re4 32. a5 bxa5 33. Rxa5 f4 34.
Bd2 Rxc4 35. Ke2 Kf7 36. Ra7 Ke8 37. a4 Kd7 38. Ra8 Rd4 39. a5 Rxd5 40. Bxf4
Kc6 41. Bd2 Kb7 42. Rh8 c5 43. Rxh7 c4 44. Bh6 Re5+ 45. Kd1 Rh5 46. Bxg7 Rxh7
47. Bxf6 Ka6 48. h4 Rf7 0-1

[Event "BL 0405 Stuttgarter Sfr - SV Mülheim No"]
[Site "?"]
[Date "2005.04.09"]
[Round "14.4"]
[White "Vujic, Branimir"]
[Black "Lytchak, Alexander Dr"]
[Result "1/2-1/2"]
[WhiteElo "2360"]
[BlackElo "2436"]
[PlyCount "46"]
[EventDate "2005.??.??"]

1. d4 d5 2. Bf4 Nf6 3. e3 c6 4. c4 Bf5 5. Nc3 e6 6. Qb3 Qc8 7. Rc1 Nbd7 8. h3
Be7 9. Nf3 O-O 10. Be2 dxc4 11. Bxc4 Nb6 12. Be2 Nbd5 13. Bg5 h6 14. Nxd5 exd5
15. Bf4 Ne4 16. O-O Bd6 17. Bxd6 Nxd6 18. Qd1 a5 19. Ne5 Re8 20. Bd3 Re7 21.
Bxf5 Qxf5 22. Qg4 Qxg4 23. Nxg4 f6 1/2-1/2

[Event "BL 0405 Stuttgarter Sfr - SV Mülheim No"]
[Site "?"]
[Date "2005.04.09"]
[Round "14.6"]
[White "Haas, Wilhelm"]
[Black "Sielecki, Christof"]
[Result "1/2-1/2"]
[WhiteElo "2181"]
[BlackElo "2375"]
[PlyCount "111"]
[EventDate "2005.??.??"]

1. d4 e6 2. Nf3 c5 3. c4 cxd4 4. Nxd4 Nf6 5. Nc3 a6 6. Bg5 Be7 7. e4 d6 8. Qd2
h6 9. Bh4 Qc7 10. Bg3 Nh5 11. Be2 Nxg3 12. hxg3 Nc6 13. Nf3 Ne5 14. Nxe5 dxe5
15. O-O O-O 16. Rad1 b6 17. a3 Bc5 18. Qc2 Bb7 19. b4 Bd4 20. Bd3 Rfd8 21. Ne2
a5 22. Nxd4 exd4 23. f4 axb4 24. axb4 Ra3 25. Qe2 Qe7 26. Qb2 Rc3 27. Rf2 e5
28. f5 Qg5 29. Rf3 Rxd3 30. Rfxd3 Bxe4 31. R3d2 Bxf5 32. c5 bxc5 33. bxc5 Bg4
34. Rc1 e4 35. c6 Qe3+ 36. Rf2 d3 37. c7 Rc8 38. Kh2 Qg5 39. Rd2 Bf5 40. Rc5 g6
41. Qc3 Qe7 42. Rb2 Qd6 43. Re5 f6 44. Rc5 Kg7 45. Qa5 Be6 46. Rb6 Qd7 47. Qd2
h5 48. Rcc6 Bf5 49. Rxf6 h4 50. Qg5 hxg3+ 51. Kxg3 Qxc7+ 52. Rbd6 Rg8 53. Qf4
Qc3 54. Rd7+ Kxf6 55. Qd6+ Be6 56. Qf4+ 1/2-1/2

[Event "BL 0405 Stuttgarter Sfr - SV Mülheim No"]
[Site "?"]
[Date "2005.04.09"]
[Round "14.7"]
[White "Kaid, Almar"]
[Black "Schmid, Wolfgang"]
[Result "1/2-1/2"]
[WhiteElo "2275"]
[BlackElo "2236"]
[PlyCount "44"]
[EventDate "2005.??.??"]

1. c4 Nf6 2. Nc3 d6 3. d4 e5 4. Nf3 e4 5. Nd2 Bf5 6. e3 c6 7. d5 Nbd7 8. Be2 h5
9. O-O a5 10. dxc6 bxc6 11. Nb3 Ne5 12. Nd4 Bd7 13. Qc2 c5 14. Ndb5 Bc6 15. f4
Neg4 16. h3 Nh6 17. b3 Nf5 18. Qd2 Be7 19. Bb2 Kf8 20. Rad1 Ne8 21. g4 hxg4 22.
hxg4 Bf6 1/2-1/2

[Event "BL 0405 Stuttgarter Sfr - SV Mülheim No"]
[Site "?"]
[Date "2005.04.09"]
[Round "14.8"]
[White "Migl, Dieter"]
[Black "Friedrichs, Klaus"]
[Result "1/2-1/2"]
[WhiteElo "2198"]
[BlackElo "2319"]
[PlyCount "38"]
[EventDate "2005.??.??"]

1. e4 d5 2. exd5 Qxd5 3. Nc3 Qa5 4. Bc4 c6 5. d3 Bf5 6. Nge2 e6 7. O-O Nd7 8.
Bf4 Ngf6 9. Ng3 Bg6 10. Nge4 Nxe4 11. Nxe4 O-O-O 12. Qe1 Qxe1 13. Rfxe1 Be7 14.
Bb3 Nc5 15. Nxc5 Bxc5 16. Be3 Bd4 17. Bxd4 Rxd4 18. Re5 b6 19. g3 Kc7 1/2-1/2

[Event "BL 0405 Hamburger SK - TV Tegernsee"]
[Site "?"]
[Date "2005.03.13"]
[Round "13.1"]
[White "Khenkin, Igor"]
[Black "Gustafsson, Jan"]
[Result "1-0"]
[WhiteElo "2587"]
[BlackElo "2603"]
[PlyCount "81"]
[EventDate "2005.??.??"]

1. d4 d5 2. c4 c6 3. e3 Bf5 4. cxd5 cxd5 5. Qb3 Qc7 6. Bb5+ Nd7 7. Bd2 e6 8.
Nf3 Bd6 9. O-O Ne7 10. Rc1 Qd8 11. Bb4 Bxb4 12. Qxb4 f6 13. Nbd2 Kf7 14. Nb3 b6
15. Rc3 Nb8 16. Rac1 a6 17. Be2 Ra7 18. a4 a5 19. Qa3 g5 20. Nbd2 h5 21. h4 g4
22. Ne1 e5 23. dxe5 fxe5 24. e4 d4 25. R3c2 Be6 26. Bc4 Ng6 27. Bxe6+ Kxe6 28.
Qb3+ Kf6 29. Nd3 Kg7 30. Nc4 Re8 31. g3 Rb7 32. Nxa5 Rf7 33. Nc4 Rf3 34. Nd2
Rf7 35. Nc4 Rf3 36. Nd2 Rf7 37. Qb5 Nd7 38. Rc7 Ref8 39. b4 Qe7 40. a5 bxa5 41.
Qxa5 1-0

[Event "BL 0405 Hamburger SK - TV Tegernsee"]
[Site "?"]
[Date "2005.03.13"]
[Round "13.3"]
[White "Bischoff, Klaus"]
[Black "Hansen, Sune Berg"]
[Result "1-0"]
[WhiteElo "2559"]
[BlackElo "2551"]
[PlyCount "74"]
[EventDate "2005.??.??"]

1. e4 e5 2. Nf3 Nc6 3. Bb5 Nf6 4. Qe2 Bd6 5. c3 O-O 6. d3 a6 7. Ba4 Re8 8. Nbd2
Bf8 9. Nf1 h6 10. h3 b5 11. Bc2 d5 12. Ng3 Be6 13. Nh2 Ne7 14. Nh5 Ng6 15.
Nxf6+ Qxf6 16. Ng4 Qd8 17. g3 Qd7 18. Qf3 Rad8 19. O-O c6 20. Re1 Bc5 21. b4
Bb6 22. a4 d4 23. axb5 axb5 24. Bd2 Ra8 25. Rxa8 Rxa8 26. cxd4 Bxd4 27. Ne3 Ra2
28. Rc1 Ne7 29. g4 g6 30. Qf6 Kh7 31. Nf5 Nxf5 32. gxf5 Bxf5 33. exf5 g5 34.
Be3 Bxe3 35. fxe3 Qd5 36. d4 Kg8 37. Qxe5 Qc4 1-0

[Event "BL 0405 Hamburger SK - TV Tegernsee"]
[Site "?"]
[Date "2005.03.13"]
[Round "13.4"]
[White "Bezold, Michael"]
[Black "Boensch, Uwe"]
[Result "1/2-1/2"]
[WhiteElo "2532"]
[BlackElo "2540"]
[PlyCount "94"]
[EventDate "2005.??.??"]

1. e4 c5 2. Nf3 d6 3. Bc4 e6 4. O-O Nf6 5. Re1 Be7 6. Bb3 b5 7. c3 Bb7 8. Bc2
Nc6 9. d3 O-O 10. Nbd2 b4 11. d4 bxc3 12. bxc3 cxd4 13. cxd4 Rc8 14. Rb1 Ba6
15. Ba3 h6 16. h3 d5 17. Bxe7 Qxe7 18. e5 Nd7 19. Re3 Nb4 20. Bb3 Nb6 21. Ne1
Rc7 22. Rg3 Rfc8 23. Ndf3 Rc3 24. Qd2 Kh8 25. Kh2 Qc7 26. Qf4 Nd3 27. Qg4 Rg8
28. Nh4 Qe7 29. Nxd3 Rxd3 30. Nf3 Rc3 31. Qf4 Rgc8 32. Qg4 Qf8 33. Ne1 Rxg3 34.
Qxg3 Qe7 35. Qe3 Qc7 36. Nf3 Qc3 37. Kg3 Kg8 38. h4 Bd3 39. Re1 a5 40. Nd2 Qb2
41. Nf3 Rc3 42. Rd1 Be4 43. Qe1 a4 44. Rd2 Qa3 45. Rd1 Qb2 46. Rd2 Qa3 47. Rd1
Qb2 1/2-1/2

[Event "BL 0405 Hamburger SK - TV Tegernsee"]
[Site "?"]
[Date "2005.03.13"]
[Round "13.5"]
[White "Kindermann, Stefan"]
[Black "Reeh, Oliver"]
[Result "1/2-1/2"]
[WhiteElo "2536"]
[BlackElo "2464"]
[PlyCount "81"]
[EventDate "2005.??.??"]

1. e4 c5 2. Nf3 d6 3. d4 cxd4 4. Nxd4 Nf6 5. Nc3 Nc6 6. Bg5 e6 7. Qd2 a6 8.
O-O-O Bd7 9. f4 b5 10. Bxf6 gxf6 11. Kb1 Qb6 12. Nxc6 Bxc6 13. f5 Qc5 14. Bd3
O-O-O 15. Rhf1 d5 16. exd5 exd5 17. Be4 Bd6 18. Nxd5 Bxd5 19. Qxd5 Qxd5 20.
Bxd5 Bxh2 21. Bxf7 Rxd1+ 22. Rxd1 Rd8 23. Rh1 Rd2 24. g4 Rg2 25. c3 Rg1+ 26.
Rxg1 Bxg1 27. Kc2 Kc7 28. b4 h6 29. Kb3 Kb6 30. a4 Bf2 31. a5+ Kc7 32. c4 bxc4+
33. Bxc4 Kb7 34. Ka4 Be1 35. Bd5+ Ka7 36. b5 axb5+ 37. Kxb5 Bd2 38. a6 Bg5 39.
Bc4 Bf4 40. Kc6 Bg5 41. Kd7 1/2-1/2

[Event "BL 0405 Hamburger SK - TV Tegernsee"]
[Site "?"]
[Date "2005.03.13"]
[Round "13.6"]
[White "Heinemann, Thies"]
[Black "Hertneck, Gerald"]
[Result "1/2-1/2"]
[WhiteElo "2453"]
[BlackElo "2552"]
[PlyCount "34"]
[EventDate "2005.??.??"]

1. e4 e6 2. d4 d5 3. Nd2 Nf6 4. e5 Nfd7 5. Bd3 c5 6. c3 Nc6 7. Ne2 cxd4 8. cxd4
f6 9. exf6 Nxf6 10. Nf3 Bd6 11. O-O O-O 12. Bf4 Bxf4 13. Nxf4 Ne4 14. Ne2 Ng5
15. Nxg5 Qxg5 16. Qc1 Qxc1 17. Raxc1 a6 1/2-1/2

[Event "BL 0405 Hamburger SK - TV Tegernsee"]
[Site "?"]
[Date "2005.03.13"]
[Round "13.7"]
[White "Bromberger, Stefan"]
[Black "Langrock, Hannes"]
[Result "1/2-1/2"]
[WhiteElo "2440"]
[BlackElo "2407"]
[PlyCount "33"]
[EventDate "2005.??.??"]

1. e4 e6 2. d4 d5 3. Nc3 dxe4 4. Nxe4 Nd7 5. Nf3 Ngf6 6. Bg5 h6 7. Nxf6+ Nxf6
8. Bxf6 Qxf6 9. Bb5+ c6 10. Bd3 Bd7 11. Qe2 c5 12. O-O-O O-O-O 13. Be4 Kb8 14.
Rhe1 cxd4 15. Qc4 Rc8 16. Qxd4 Qxd4 17. Rxd4 1/2-1/2

[Event "BL 0405 Hamburger SK - TV Tegernsee"]
[Site "?"]
[Date "2005.03.13"]
[Round "13.8"]
[White "Sebastian, Dirk"]
[Black "Gross, David"]
[Result "1-0"]
[WhiteElo "2371"]
[BlackElo "2465"]
[PlyCount "129"]
[EventDate "2005.??.??"]

1. e4 c5 2. Nf3 d6 3. d4 cxd4 4. Nxd4 Nf6 5. Nc3 Nc6 6. Be2 e5 7. Nf3 h6 8. O-O
Be7 9. Re1 O-O 10. h3 Be6 11. Bf1 Qd7 12. Nd5 Bd8 13. c4 Nh7 14. a3 Ng5 15.
Nxg5 Bxg5 16. Bxg5 hxg5 17. Ne3 g6 18. Qd3 Kg7 19. Rac1 Rad8 20. Red1 Rh8 21.
b4 g4 22. hxg4 Bxg4 23. f3 Be6 24. b5 Nd4 25. Nc2 Nxc2 26. Rxc2 Qe7 27. Qc3 b6
28. Rcd2 Bc8 29. Qb4 Qg5 30. Kf2 Rh1 31. Rxd6 Rxd6 32. Qxd6 Be6 33. c5 Qh4+ 34.
Ke3 Qf4+ 35. Kd3 bxc5 36. Qxc5 Rh8 37. Qc1 Qh4 38. Qe3 Rc8 39. Rc1 Rd8+ 40. Kc3
Rd4 41. Kb2 Qd8 42. Qc3 Kg8 43. Be2 Rd2+ 44. Rc2 Rxc2+ 45. Kxc2 Qb6 46. Kd2 Qg1
47. Qxe5 Qxg2 48. Qc5 Qh2 49. a4 f5 50. Qc6 Bf7 51. Qa8+ Kg7 52. Qxa7 Qd6+ 53.
Ke3 f4+ 54. Kf2 Qf6 55. Qc5 Qh4+ 56. Kf1 Be6 57. Qd4+ Kf7 58. Qa7+ Kg8 59. Qb8+
Kh7 60. Qa7+ Kh6 61. Qf2 Qf6 62. a5 Qg5 63. Qh2+ Kg7 64. a6 Qe5 65. Qf2 1-0

[Event "BL 0405 Preetzer TSV - Stuttgarter Sfr"]
[Site "?"]
[Date "2005.03.13"]
[Round "13.2"]
[White "Pedersen, Steffen"]
[Black "Sedlak, Nikola"]
[Result "1/2-1/2"]
[WhiteElo "2441"]
[BlackElo "2521"]
[PlyCount "82"]
[EventDate "2005.??.??"]

1. d4 d5 2. c4 c6 3. Nf3 Nf6 4. e3 Bf5 5. Nc3 e6 6. Nh4 Bg6 7. Nxg6 hxg6 8. Bd2
Nbd7 9. Rc1 Bd6 10. g3 dxc4 11. Bxc4 O-O 12. Qc2 Rc8 13. O-O c5 14. Be2 cxd4
15. exd4 Nb6 16. Qb3 Be7 17. Be3 Nfd5 18. Nxd5 Qxd5 19. Qxd5 Nxd5 20. Bf3 Bf6
21. Bxd5 exd5 22. Rfd1 Rfd8 23. Kf1 Kf8 24. Ke2 Ke7 25. h4 Kd7 26. Kd3 Be7 27.
Bf4 f6 28. Rxc8 Rxc8 29. Rc1 Rxc1 30. Bxc1 Ke6 31. g4 Bd6 32. f4 f5 33. g5 Kd7
34. Bd2 Kc6 35. Kc2 Bc7 36. b3 Bd6 37. Kb2 a6 38. a3 Bc7 39. Kc2 Kb5 40. a4+
Kc6 41. b4 b5 1/2-1/2

[Event "BL 0405 Preetzer TSV - Stuttgarter Sfr"]
[Site "?"]
[Date "2005.03.13"]
[Round "13.3"]
[White "Schmittdiel, Eckhard"]
[Black "Fries Nielsen, Jens Ove"]
[Result "1-0"]
[WhiteElo "2454"]
[BlackElo "2379"]
[PlyCount "135"]
[EventDate "2005.??.??"]

1. e4 g6 2. d4 Bg7 3. c3 d6 4. f4 e6 5. Nf3 Ne7 6. Be3 b6 7. Nbd2 Bb7 8. Bf2
Nd7 9. Bh4 h6 10. Bd3 Nf6 11. Qe2 a6 12. O-O-O Qd7 13. Kb1 Nh5 14. Qe3 O-O-O
15. g4 Nf6 16. h3 Kb8 17. a3 Qc8 18. Bc2 Rde8 19. Rhe1 Nd7 20. Qf2 Rhf8 21. e5
Nd5 22. Bg3 dxe5 23. fxe5 b5 24. Ne4 Qd8 25. Qe2 Qe7 26. Rf1 Rc8 27. Bb3 N5b6
28. Bh4 g5 29. Bf2 Rg8 30. Bg1 Bf8 31. Nfd2 Qe8 32. Qf2 Rg7 33. Nc5 Bd5 34.
Nxa6+ Ka7 35. Nc5 c6 36. Nce4 Bxb3 37. Nxb3 Nd5 38. Rc1 N7b6 39. Nbd2 Rb8 40.
c4 bxc4 41. Nxc4 Nxc4 42. Rxc4 Rb6 43. Nf6 Qd8 44. Rfc1 Kb7 45. Ka1 Be7 46. Qc2
Qc8 47. Nxd5 exd5 48. Rc3 Qe6 49. Rf1 Kc7 50. Rcf3 Kd7 51. Qa4 Kc7 52. Bh2 Kb7
53. Qc2 Ka7 54. Qf2 Qg6 55. Bg3 Rb7 56. Rc1 Qe6 57. Qc2 Rb6 58. Be1 h5 59. Rb3
hxg4 60. Rxb6 Kxb6 61. Qb3+ Ka7 62. Ba5 c5 63. dxc5 Qc6 64. hxg4 Rg8 65. Bb6+
Ka8 66. Rd1 Bxc5 67. Bxc5 Qxc5 68. Rxd5 1-0

[Event "BL 0405 Preetzer TSV - Stuttgarter Sfr"]
[Site "?"]
[Date "2005.03.13"]
[Round "13.4"]
[White "Wisnewski, Christoph"]
[Black "Berezovsky, Igor"]
[Result "1-0"]
[WhiteElo "2392"]
[BlackElo "2434"]
[PlyCount "55"]
[EventDate "2005.??.??"]

1. e4 c6 2. d4 d5 3. exd5 cxd5 4. c4 Nf6 5. Nc3 e6 6. Nf3 Be7 7. cxd5 exd5 8.
Bd3 O-O 9. h3 Nc6 10. O-O Be6 11. Bf4 Rc8 12. Re1 a6 13. a3 Re8 14. Rc1 h6 15.
Bb1 Na5 16. Ne5 Nc4 17. Nxc4 Rxc4 18. Be5 Qd7 19. Qd3 Rec8 20. Rcd1 Kf8 21. Ba2
Bf5 22. Qg3 Rxc3 23. bxc3 Bxa3 24. Bxf6 gxf6 25. Bb1 Be6 26. Qf4 Rxc3 27. Qxf6
Be7 28. Qh8# 1-0

[Event "BL 0405 Preetzer TSV - Stuttgarter Sfr"]
[Site "?"]
[Date "2005.03.13"]
[Round "13.5"]
[White "Reuss, Andreas"]
[Black "Willsch, Matthias"]
[Result "0-1"]
[WhiteElo "2356"]
[BlackElo "2250"]
[PlyCount "92"]
[EventDate "2005.??.??"]

1. Nf3 d5 2. d4 Nc6 3. Bf4 Bg4 4. Nbd2 e6 5. c3 Bd6 6. Bg3 Nh6 7. e4 dxe4 8.
Nxe4 O-O 9. Be2 f5 10. Bxd6 cxd6 11. Ng3 Nf7 12. O-O e5 13. dxe5 dxe5 14. Qxd8
Raxd8 15. Rfd1 g6 16. h3 Bxf3 17. Bxf3 e4 18. Be2 Nd6 19. f3 Rfe8 20. fxe4 fxe4
21. Nf1 Kg7 22. Ne3 Nf5 23. Kf2 Ne5 24. Nxf5+ gxf5 25. Ke3 Kf6 26. Rxd8 Rxd8
27. Rf1 Ng6 28. Rd1 Rxd1 29. Bxd1 Ke5 30. g3 f4+ 31. gxf4+ Nxf4 32. Bc2 Nd5+
33. Kf2 Kf4 34. a3 Ne3 35. Bb3 Nf5 36. Bg8 h5 37. Bf7 h4 38. Bd5 b6 39. Ke2
Ng3+ 40. Kf2 e3+ 41. Kg2 Ne4 42. Kf1 Ng5 43. a4 Nxh3 44. a5 Nf2 45. Ke2 h3 46.
Bf3 Nd1 0-1

[Event "BL 0405 Preetzer TSV - Stuttgarter Sfr"]
[Site "?"]
[Date "2005.03.13"]
[Round "13.6"]
[White "Marxen, Peter Dr"]
[Black "Vujic, Branimir"]
[Result "1/2-1/2"]
[WhiteElo "2212"]
[BlackElo "2360"]
[PlyCount "156"]
[EventDate "2005.??.??"]

1. e4 d5 2. exd5 Nf6 3. c4 e6 4. Nc3 exd5 5. d4 Bb4 6. Bd3 O-O 7. Nge2 dxc4 8.
Bxc4 a6 9. O-O b5 10. Bb3 Bd6 11. Bf4 Bb7 12. a3 Nc6 13. Qd2 Qd7 14. f3 Rad8
15. Rad1 Rfe8 16. Ba2 b4 17. axb4 Nxb4 18. Bb1 a5 19. Bxd6 Qxd6 20. Ng3 Nbd5
21. Nxd5 Nxd5 22. Rfe1 Qb4 23. Rxe8+ Rxe8 24. Qxb4 Nxb4 25. Kf2 Bd5 26. Re1
Rxe1 27. Kxe1 Nc6 28. Ne2 Bc4 29. Be4 Bxe2 30. Bxc6 Ba6 31. Kd2 Kf8 32. g3 Ke7
33. Be4 h6 34. h4 f6 35. f4 Kd6 36. Kc3 Be2 37. Bh1 Bd1 38. Be4 Ba4 39. Bf3 Bb5
40. Bg2 Ke6 41. Bh3+ Kd6 42. Bg2 Be2 43. Kd2 Bc4 44. Kc3 Bd5 45. Bh3 Bf3 46.
Kc4 g6 47. Bf1 Be4 48. Bh3 f5 49. Bf1 Bf3 50. Kd3 Kd5 51. Ke3 Be4 52. Ba6 Bc2
53. Be2 Ba4 54. h5 gxh5 55. Bxh5 Kc4 56. Bf7+ Kb4 57. Be6 Bc2 58. Kd2 Be4 59.
Ke3 Bb1 60. Kd2 a4 61. Kc1 Be4 62. Kd2 c6 63. Kc1 a3 64. bxa3+ Kc3 65. a4 Kxd4
66. a5 Kc5 67. a6 Kb6 68. Bc8 Bd3 69. Kd2 Bxa6 70. Bxf5 Kc5 71. Be4 Bc8 72. Bf3
Bd7 73. Kc3 Kd6 74. g4 Be8 75. Kd4 c5+ 76. Kc4 Bf7+ 77. Kc3 Be8 78. Be2 Kd5
1/2-1/2

[Event "BL 0405 Preetzer TSV - Stuttgarter Sfr"]
[Site "?"]
[Date "2005.03.13"]
[Round "13.7"]
[White "Vuckovic, Aleksandar"]
[Black "Reinecker, Kai"]
[Result "0-1"]
[WhiteElo "2325"]
[BlackElo "2220"]
[PlyCount "58"]
[EventDate "2005.??.??"]

1. e4 e5 2. Nf3 Nf6 3. Nxe5 d6 4. Nf3 Nxe4 5. d4 d5 6. Bd3 Be7 7. O-O Nc6 8.
Re1 Bg4 9. c3 f5 10. Nbd2 O-O 11. Qb3 Kh8 12. Qxb7 Rf6 13. Qb3 Bd6 14. h3 Nxd2
15. Nxd2 Rb8 16. Qa4 Bxh3 17. gxh3 Rg6+ 18. Kf1 Qg5 19. Qxc6 Qg2+ 20. Ke2 Bg3
21. Qd7 Qxf2+ 22. Kd1 Qxe1+ 23. Kc2 Bf4 24. Qxf5 Bxd2 25. Bxd2 Qxa1 26. Bc1
Rxb2+ 27. Bxb2 Rg2+ 28. Kb3 Rxb2+ 29. Ka4 Qxa2# 0-1

[Event "BL 0405 Preetzer TSV - Stuttgarter Sfr"]
[Site "?"]
[Date "2005.03.13"]
[Round "13.8"]
[White "Richert, Thomas"]
[Black "Heinatz, Thomas"]
[Result "0-1"]
[WhiteElo "2206"]
[BlackElo "2281"]
[PlyCount "126"]
[EventDate "2005.??.??"]

1. d4 Nf6 2. c4 g6 3. Nc3 d5 4. Bf4 Bg7 5. Nf3 O-O 6. Rc1 dxc4 7. e4 Bg4 8.
Bxc4 Nh5 9. Be3 Bxf3 10. gxf3 e5 11. dxe5 Qxd1+ 12. Rxd1 Bxe5 13. O-O Nc6 14.
a3 Rfd8 15. Bd5 Rd6 16. Bxc6 bxc6 17. Na4 Nf4 18. Bxf4 Bxf4 19. Nc5 Rad8 20.
Rxd6 Rxd6 21. Rb1 g5 22. h3 Kg7 23. b4 Rd2 24. Rb3 Bd6 25. Nd3 Rc2 26. e5 Be7
27. f4 Kg6 28. fxg5 Bxg5 29. Kg2 Kf5 30. Kg3 Bd2 31. f4 Be3 32. Kf3 Bd4 33. a4
c5 34. bxc5 Bxc5 35. Nxc5 Rxc5 36. Rb4 a5 37. Rd4 h5 38. Kg3 Rc3+ 39. Kg2 h4
40. Kf2 c5 41. Rd7 Kxf4 42. Rxf7+ Kxe5 43. Ra7 Rxh3 44. Rxa5 Kd5 45. Ra8 Ra3
46. a5 Kc6 47. a6 Ra4 48. Rh8 Kb5 49. Rh5 Rxa6 50. Rxh4 Re6 51. Rh8 Kb4 52.
Rb8+ Kc3 53. Rh8 c4 54. Rb8 Kc2 55. Rc8 c3 56. Rb8 Re7 57. Rb6 Re8 58. Rb7 Kd2
59. Rd7+ Kc1 60. Rb7 c2 61. Rb5 Ra8 62. Ke2 Ra2 63. Rh5 Kb1 0-1

[Event "BL 0405 SC Eppingen - SV Mülheim Nord"]
[Site "?"]
[Date "2005.03.13"]
[Round "13.1"]
[White "Landa, Konstantin"]
[Black "Gyimesi, Zoltan"]
[Result "1-0"]
[WhiteElo "2571"]
[BlackElo "2613"]
[PlyCount "147"]
[EventDate "2005.??.??"]

1. Nf3 Nf6 2. c4 e6 3. g3 d5 4. d4 dxc4 5. Bg2 Nc6 6. Qa4 Bb4+ 7. Bd2 Bd6 8.
Na3 Bxa3 9. bxa3 Ne4 10. Be3 Nd6 11. Ne5 Bd7 12. Nxc6 bxc6 13. Bxc6 Ke7 14.
Bg5+ f6 15. Bf4 Qe8 16. Bxd6+ cxd6 17. Bxd7 Qxd7 18. Qxc4 Rhc8 19. Qd3 Qc6 20.
O-O Qc2 21. Qe3 Qc3 22. Qe4 f5 23. Qb7+ Kf6 24. d5 Qc7 25. Qb4 Qc4 26. dxe6
Qxb4 27. axb4 Rc2 28. Rfd1 Kxe6 29. Kf1 Rac8 30. Rd3 R8c6 31. a3 g6 32. Rad1
Ra2 33. Re3+ Kf6 34. Kg2 Ra6 35. Rdd3 d5 36. b5 Rd6 37. Rd4 a6 38. bxa6 Rxa6
39. Rxd5 R2xa3 40. Re8 Re6 41. Rxe6+ Kxe6 42. Rb5 Ra6 43. g4 Kf6 44. h3 h5 45.
gxf5 gxf5 46. Rb4 Ra3 47. e3 Ra6 48. Kg3 Kg5 49. h4+ Kf6 50. Kf4 Rc6 51. f3 Ra6
52. Rb5 Ra4+ 53. e4 fxe4 54. fxe4 Kg6 55. Rg5+ Kh6 56. Rg8 Kh7 57. Rg3 Ra1 58.
e5 Ra4+ 59. Kf5 Rxh4 60. e6 Rh1 61. e7 Re1 62. Kf6 Rf1+ 63. Ke6 Re1+ 64. Kf7
Rf1+ 65. Ke8 Kh6 66. Re3 Kg5 67. Kd7 Rf7 68. Kd6 Rxe7 69. Rxe7 Kf4 70. Rh7 Kg4
71. Ke5 h4 72. Ke4 Kg3 73. Ke3 h3 74. Rg7+ 1-0

[Event "BL 0405 SC Eppingen - SV Mülheim Nord"]
[Site "?"]
[Date "2005.03.13"]
[Round "13.2"]
[White "Medvegy, Zoltan"]
[Black "Fridman, Daniel"]
[Result "1/2-1/2"]
[WhiteElo "2467"]
[BlackElo "2578"]
[PlyCount "33"]
[EventDate "2005.??.??"]

1. e4 e5 2. Nf3 Nf6 3. Nxe5 d6 4. Nf3 Nxe4 5. Qe2 Qe7 6. d3 Nf6 7. Bg5 Qxe2+ 8.
Bxe2 Be7 9. Nc3 c6 10. O-O-O h6 11. Bf4 O-O 12. h3 Nbd7 13. Rhe1 Rd8 14. Nd4
Bf8 15. Ne4 Ne8 16. Bf1 g6 17. Bg3 {(=)} 1/2-1/2

[Event "BL 0405 SC Eppingen - SV Mülheim Nord"]
[Site "?"]
[Date "2005.03.13"]
[Round "13.3"]
[White "Schebler, Gerhard"]
[Black "Schulze, Ulrich"]
[Result "1-0"]
[WhiteElo "2496"]
[BlackElo "2333"]
[PlyCount "69"]
[EventDate "2005.??.??"]

1. Nf3 f5 2. d4 Nf6 3. Bg5 e6 4. Nbd2 d5 5. e3 Be7 6. Bd3 O-O 7. Ne5 Nbd7 8.
Nxd7 Bxd7 9. O-O Be8 10. c4 Ne4 11. Bxe7 Qxe7 12. Qc2 Bh5 13. f3 Nxd2 14. Qxd2
Kh8 15. Rac1 c6 16. b4 dxc4 17. Rxc4 e5 18. dxe5 Qxe5 19. Rc5 Qd6 20. Qc2 Bg6
21. Qc3 Rad8 22. Bc2 Qd2 23. Qxd2 Rxd2 24. Rd1 Rxd1+ 25. Bxd1 f4 26. e4 h6 27.
Bb3 Re8 28. h4 Re7 29. Kh2 Kh7 30. h5 Be8 31. Rf5 b6 32. Kg1 Rc7 33. Rf8 Bxh5
34. Bg8+ Kg6 35. Rxf4 1-0